01004nam a22002657a 45000010005000000030006000050050017000110080041000280200018000690400029000870500018001160820013001341000020001472450093001672600044002603000056003044900042003605050008004025200162004105210021005725210020005936500044006136500035006576500046006927108FISKH20250623161849.0250623b cb ||||| |||| 00| 0 eng d a9780531219621 aFISKHbengcFISKHdFISKH aTN880.2 .S687 a622.3385 aSquire, Ann O. aHydrofracking :bThe process that has changed America's energy needs /cBy Ann O. Squire aNew York : bChildren's Press , c2013. a64 pages : bcolor illustrations , maps ;c23 cm .  aCornerstones of FreedomvThird Series aZ  a"Read about the way hydraulic fracturing, or "hydrofracking," is used to harvest natural gas and learn how it has shaped our nation today"--Page 4 of cover. 8 a1090 bLexile 8 aZ bRaz-Plus  aGas Well drilling vJuvenile Literature aShale gasvJuvenile Literature aHydraulic fracturingvJuvenile Literature